00701 2200265 4500001002100000005001700021008004100038035002400079082001000103090002000113100002000133245006900153250001100222260004200233300002900275500002900304650000900333700001200342850001500354980001500369985000600384999001500390999001500405999001500420YOGYA-0209000003548520090227025020.0 ind  0010-020900000035485 a612.3 a612.3bKar KlT aKaryadi, Darwin aKecukupan gizi yang dianjurkancoleh, Darwin Karyadi dan Muhilal aCet. 4 aJakartabGramedia Pustaka Utamac1992 avii, 50 hlmbilusc21 cm aBibliografi : hlm. 43-44 aGizi aMuhilal aYOPDYOG(B) a30-09-2006 a3 a95P0075531 a95P0075533 a95P0062305